| 000 | 01451nam a22003137a 4500 | ||
|---|---|---|---|
| 003 | PE SENCICO BE | ||
| 005 | 20251020182709.0 | ||
| 008 | 241212b |||||||| |||| 00| 0 eng d | ||
| 020 | _a978-958-648-677-4 | ||
| 040 |
_aPE SENCICO BE _cPE SENCICO BE |
||
| 041 | _aspa | ||
| 082 |
_a696.12 _bP45I _c2010 |
||
| 100 | 1 |
_9214 _aPérez Carmona, Rafael _eautor |
|
| 245 | 1 |
_aInstalaciones hidrosanitarias y de gas para edificaciones / _cRafael Pérez Carmona |
|
| 250 | _a6a ed. | ||
| 260 |
_aBogotá : _bEcoe ediciones ; _c2010 |
||
| 300 |
_axviii, 546 p. : _bdiagrs. ; _c24 cm. |
||
| 504 | _aBibliografía: p. 545-546 | ||
| 505 | 0 | _aSuministro de agua -- Equipos de presión -- Cálculo de perdidas en tuberías y accesorios -- Redes de distribución -- Desagues -- Sistemas de ventilación -- Redes de distribución contra incendios -- Agua caliente -- Redes de distribución de gas -- Ventilación | |
| 520 | 3 | _aTrata ampliamente y en forma didáctica todos los aspectos relacionados con suministros de agua, equipos de presión, pérdidas de tuberías, redes de distribución de gas y ductos de evacuación de los productos de la combustión. | |
| 650 | 1 | 0 |
_9215 _aInstalaciones hidrosanitarias |
| 650 | 2 | 0 |
_9216 _aEdificaciones |
| 650 | 2 | 0 |
_91733 _aRedes de distribución de agua |
| 650 | 2 | 0 |
_9355 _aAbastecimiento de agua |
| 650 | 2 | 0 |
_91642 _aDesagues |
| 650 | 2 | 0 |
_92505 _aVentilación |
| 910 |
_ahfp _bhfp _chfp |
||
| 942 |
_2ddc _cLIB |
||
| 999 |
_c5022 _d5022 |
||